Humains pour la vie - La Princesse et la Grenouille Paroles - Statistiques

Statistiques générales
  • Ce quiz a été pris 278 fois
  • Le résultat moyen est 196 sur 242
Statistiques - réponses
Paroles % Correct
Je
99%
je
99%
la
99%
humain
98%
à
97%
A
97%
de
95%
vie
95%
le
94%
Le
94%
Et
93%
les
93%
pour
93%
Pour
93%
Quand
91%
quand
91%
se
91%
serai
90%
tous
90%
Il
88%
Louis Si
88%
du
87%
j'étais
87%
ne
87%
temps
87%
ma
86%
meilleur
86%
mon
86%
Mon
86%
Louis
85%
nous
85%
pas
85%
king
84%
au
83%
humains
83%
serons
83%
une
83%
Une
83%
deviendrai
82%
toute
82%
en
81%
Louis En
81%
On
81%
on
81%
ou
81%
que
81%
swing
81%
y
81%
Nouvelle-Orléans
80%
brunette
79%
suis
79%
sur
79%
avant
78%
belle
78%
C'est
78%
c'est
78%
comme
78%
deux
78%
droite
78%
elle
78%
gauche
78%
ils
78%
va
78%
avait
77%
blonde
77%
rouquine
77%
avis
76%
est
76%
jour
76%
maestro
76%
musique
76%
travail
76%
moi
75%
sont
75%
votre
75%
j'aurai
74%
place
74%
soleil
74%
connaît
73%
faire
73%
fait
73%
ferai
73%
fleurs
73%
plus
73%
Terminé
73%
tour
73%
j'avais
72%
terre
72%
trop
72%
Tu
72%
bataille
71%
dépassés
71%
fête
71%
gagner
71%
idéale
71%
mal
71%
mieux
71%
permis
71%
presque
71%
recette
71%
s'amuser
71%
soirs
71%
solos
71%
vraiment
71%
c'était
70%
Hein
70%
mettre
70%
Mister
70%
ont
70%
perdrai
70%
royale
70%
veut
70%
doit
69%
Elles
69%
Faut
69%
J'allais
69%
mes
69%
ça
68%
chercher
68%
dis
68%
garantie
68%
loin
68%
passer
68%
Regardez
68%
secret
68%
vais
68%
succès
67%
abeilles
66%
Armstrong
66%
Chaque
66%
profiter
66%
Tiana Quelle
66%
as
65%
dépend
65%
lâcher
65%
pieds
65%
toi
65%
monde
64%
modestie
63%
entier
61%
l'on
60%
monseigneur
56%
papa
55%
répéter
55%
trompettes
55%
filerais
52%
n'arrêtait
50%
renommée
50%
trouvés
50%
Ecoute
47%
J'entendrai
40%
L'ex-alligator
40%
Sidney
38%
Bechet
35%
Aucun quiz correspondant
Distribution des résultats
% des personnes avec chaque résultat
Percentile par nombre de réponses
Votre historique - résultats
Vous n’avez pas pris ce quiz